000 00859nam a2200253 i 4500
001 175373
003 ES-MaACL
005 20251218174601.0
007 t|
008 101025s1973 sp o r ||||1| spa d
080 _a75 Blasco, Arcadio
080 _a929 Blasco, Arcadio
100 1 _aGarcía Viñó, M.
_955416
245 1 0 _aArcadio Blasco /
_cM. García-Viñó.
260 _a[Madrid :
_bDirección General de Bellas Artes,
_c1973]
300 _a86 p. :
_bfot. col. y n. ;
_c17 cm.
490 1 _aArtistas españoles contemporáneos. Pintores ;
_v39
504 _aBibliografía: p. 85-86.
600 0 4 _aBlasco, Arcadio.
_929363
710 1 _aEspaña.
_bDirección General de Bellas Artes.
_93704
830 0 _aArtistas españoles contemporáneos. Pintores
_v39
_9189664
852 _aES-MaACL
_j2261-F-39
_xOlim P-1916
999 _c175373
_d175373